000 00835nas a2200265 4500
001 BR2017001691
003 BR-BrBNA
005 20231205131003.0
007 ta
008 230509b bl.|||p| |||| 00| 00por d
040 _aBR-BrBNA
_bpor
_cBiblioteca Nacional de Agricultura
041 _a(Pt)
072 _aQ03
100 1 _aSIlva, T.K.R.
100 1 _aAnnes, P.
100 1 _aBallard, C.R.
100 1 _aNuñez, C.E.C.
245 1 _aCondições higienicossanitárias de agroindústrias que fornecem panificados à alimentação escolar
650 _aPRODUTO DE PANIFICAÇÃO
650 _aQUALIDADE
650 _aSEGURANÇA ALIMENTAR
773 0 _tHigiene Alimentar (Brazil)
_xISSN 0101-9171
_g(May-Jun 2017), v. 31(268-269) p. 62-67
_wBR2017001691
909 _a202311
_bLúcia
_c55
_dLúcia Elande
942 _2AGRIS
_n0
_cANA
999 _c252442
_d252442